Sports Quiz

Random Sports or NBA Quiz

1986 nba dunk contest participants photo Quiz Stats

 Plays Quiz not verified by Sporcle

Challenge
Share
Tweet
Score 0/8 Timer 01:00
0 Plays Today
% Correct
Dominique Wilkins
98.3%
Gerald Wilkins
97.5%
Spud Webb
96.7%
Jerome Kersey
50.8%
Terence Stansbury
35.8%
Paul Pressey
32.5%
Roy Hinson
17.5%
Terry Tyler
11.7%

You're not logged in!

Compare scores with friends on all Sporcle quizzes.
Join for Free
OR
Log In

You Might Also Like...

Show Comments

Extras

Top Quizzes Today


Score Distribution

Your Account Isn't Verified!

In order to create a playlist on Sporcle, you need to verify the email address you used during registration. Go to your Sporcle Settings to finish the process.

Report this User

Report this user for behavior that violates our Community Guidelines.

Details: